000 00369cam a22001457i 4500
005 20250901165806.0
008 141110s2014 ke 000 1 eng
010 _a 2014321092
020 _a9780195739800
050 0 0 _aPR 9381.9 .K56 2014
100 1 _aKimani, Githara.
245 1 0 _aGoldfields /
_cGithara Kimani.
300 _axii, 220 pages ;
_c17 cm
942 _2lcc
999 _c9304
_d9304